| 000 | 00353nam a2200133Ia 4500 | ||
|---|---|---|---|
| 008 | 240624s9999 xx 000 0 und d | ||
| 041 | _aeng | ||
| 082 | _a158.2 BRA | ||
| 100 | _aBRAIKER HARRIE B | ||
| 245 | _aDISEASE TO PLEASE CURING THE PEOPLE PLEA | ||
| 260 |
_c2003 _aNew Delhi _bTata McGrawhill |
||
| 300 | _axvi, : 284 : p. : cm. ; 24 | ||
| 365 | _cRS | ||
| 999 |
_c1159 _d1159 |
||